Former Flags of Croatia - Statistics

General Stats
  • This quiz has been taken 21 times
  • The average score is 4 of 10
Answer Stats
Picture Answer % Correct
Kingdom of Croatia
88%
Republic of Croatia
71%
Republic of Croatia
71%
Kingdom of Yugoslavia
53%
Independent State of Croatia
47%
Habsburg Croatia
24%
Socialist Republic of Croatia
24%
Kingdom of Croatia-Slavonia
18%
Banovina of Croatia
12%
Federal State of Croatia
12%
No matching quizzes found
Score Distribution
Percent of People with Each Score
Percentile by Number Answered
Your Score History
You have not taken this quiz